000 00372nam a2200145Ia 4500
008 150301s2013 xx 000 0 und d
082 _a617.7
_bR13G
100 _aGHAI, ASHWANI KUMAR
245 _aREFRACTIONDISPENSING OPTICS & OPHTHALMIC PROCEDURES
250 _a1ST
260 _bJAYPEE
_aDELHI
_c2013
300 _a158
650 _aOPHTHALMOLOGY
942 _2ddc
_cBK
_088
999 _c6599
_d6599